000
00271nam a22001217a 4500
008
160521b xxu||||| |||| 00| 0 eng d
020
_a
9781928623267
020
_a
1928623263
041
_a
eng
080
_a
579
245
_a
Entomology:
_c
S.K. Gangwere;
942
_2
udc
_c
BK
999
_c
2338
_d
2338